| 000 -ლიდერი |
| ფიქსირებული სიგრძის საკონტროლო ველი |
02214nam a2200313Ia 4500 |
| 001 - საკონტროლო ნომერი |
| საკონტროლო ველი |
6603 |
| 003 - საკონტროლო ნომრის იდენტიფიკატორი |
| საკონტროლო ველი |
GE_BSU |
| 005 - ბოლო ოპერაციის თარიღი და დრო |
| საკონტროლო ველი |
20191217145833.0 |
| 008 - ფიქსირებული სიგრძის მონაცემთა ელემენტები - ზოგადი ინფორმაცია |
| ფიქსირებული სიგრძის საკონტროლო ველი |
181216s2009||||ge |||||||||||||| ||geo|| |
| 020 ## - წიგნის საერთაშორისო სტანდარტული ნომერი |
| International Standard Book Number |
9789941412196 |
| 040 ## - კატალოგიზაციის წყარო |
| Transcribing agency |
GE_BSU |
| 080 ## - უნივერსალური ათობითი კლასიფიკაციის ინდექსი |
| Universal Decimal Classification number |
94(479.223) ს-24 |
| 245 ## - ცნობა სათაურის შესახებ |
| Title |
სამხრეთ-დასავლეთ საქართველოს ისტორიის ნარკვევები : აჭარა = Очерки истории Юго-Западной Грузии : Аджария : |
| Remainder of title |
4 ტომად. ტ. 2 : V საუკუნე-1877 წელი / |
| Statement of responsibility, etc |
სარედ. კოლ: დავით ხახუტაიშვილი (მთ. რედ.), ამირან კახიძე, ნოდარ კახიძე და სხვ. ავტ.: დავით ხახუტაიშვილი, მარიამ ლორთქიფანიძე, ნოდარ შენგელია და სხვ. |
| 264 ## - წარმოების, გამოცემის, დისტრიბუციის და სხვა ცნობები |
| გამოცემის, წარმოების, დისტრიბუციის... ადგილი |
ბათუმი : |
| გამოცემის, წარმოების, დისტრიბუციის... სახელწოდება |
შოთა რუსთაველის სახ.უნ-ტი, |
| გამოცემის, წარმოების, დისტრიბუციის... თარიღი |
2009. |
| 300 ## - ფიზიკური აღწერა |
| Extent |
606 გვ.; |
| Other physical details |
ილ.; |
| Dimensions |
30 სმ. |
| 501 ## - შენიშვნა თანმხლებ მასალაზე |
| With note |
შემოკლებანი: გვ. 607. |
| 504 ## - BIBLIOGRAPHY, ETC. NOTE |
| Bibliography, etc |
ბიბლიოგრ. ტექსტის შენიშვნ. |
| 653 ## - INDEX TERM--UNCONTROLLED |
| Uncontrolled term |
აჭარის ისტორია |
| 653 ## - INDEX TERM--UNCONTROLLED |
| Uncontrolled term |
სამხრეთ-დასავლეთ საქართველოს ისტორია |
| 700 ## - ADDED ENTRY--PERSONAL NAME |
| Personal name |
ხახუტაიშვილი, დავით |
| Relator term |
ავტორი |
| 9 (RLIN) |
1441 |
| 700 ## - ADDED ENTRY--PERSONAL NAME |
| Personal name |
ლორთქიფანიძე, მარიამ |
| Relator term |
ავტორი |
| 9 (RLIN) |
5827 |
| 700 ## - ADDED ENTRY--PERSONAL NAME |
| Personal name |
შენგელია, ნოდარ |
| Relator term |
ავტორი |
| 9 (RLIN) |
5828 |
| 700 ## - ADDED ENTRY--PERSONAL NAME |
| Personal name |
სვანიძე, მიხეილ |
| Relator term |
ავტორი |
| 9 (RLIN) |
5829 |
| 700 ## - ADDED ENTRY--PERSONAL NAME |
| Personal name |
ლომოური, ნოდარ |
| Relator term |
ავტორი |
| 9 (RLIN) |
5830 |
| 700 ## - ADDED ENTRY--PERSONAL NAME |
| Personal name |
დიასამიძე, ბიჭიკო და სხვ. |
| Relator term |
ავტორი |
| 9 (RLIN) |
5831 |
| 700 ## - ADDED ENTRY--PERSONAL NAME |
| Personal name |
კახიძე, ნოდარ |
| Relator term |
რედაქტორი |
| 9 (RLIN) |
5832 |
| 710 ## - ADDED ENTRY--CORPORATE NAME |
| Corporate name or jurisdiction name as entry element |
ნიკო ბერძენიშვილის ინ-ტი |
| 9 (RLIN) |
5833 |
| 942 ## - ADDED ENTRY ELEMENTS (KOHA) |
| Koha item type |
წიგნი |
| Source of classification or shelving scheme |
|